Gaming Quiz

Random Gaming or Board Games Quiz
Score 0/7 Timer 01:30
0 Plays Today
% Correct
Trivial Pursuit
92.7%
Terraforming Mars
89.1%
Tzolk'in The Mayan Calendar
87.3%
Terra Mystica
85.1%
Troyes
77.5%
Tablut
76%
Through the Ages
74.9%
Remove Ads.
Support Sporcle.
Get the best of Sporcle when you Go Orange. This ad-free experience offers more features, more stats, and more fun while also helping to support Sporcle. Thank you for becoming a member.

You're not logged in!

Compare scores with friends on all Sporcle quizzes.
OR
Log In

Show Comments

Extras

Top Quizzes Today


Score Distribution

Your Account Isn't Verified!

In order to create a playlist on Sporcle, you need to verify the email address you used during registration. Go to your Sporcle Settings to finish the process.

Report this User

Report this user for behavior that violates our Community Guidelines.

Details: